What makes the grand canyon grand? : the world's most awe-insping natural wonders

Na minha lista:
Detalhes bibliográficos
Autor principal: Christian, Spencer
Formato: Livro
Idioma:Vietnamese
Publicado em: J. Wiley 1998
Tags: Adicionar Tag
Sem tags, seja o primeiro a adicionar uma tag!
Thư viện lưu trữ: Mạng thư viện Đại học Đà Nẵng
LEADER 00682nam a2200253 4500
001 000021862
003 18310
005 20150423150412.0
008 150423s1998 viesd
020 |c 00 
041 0 |a vie 
082 1 4 |a 551,41  |b CH-S 
100 1 |a Christian, Spencer 
245 1 0 |a What makes the grand canyon grand? : the world's most awe-insping natural wonders  |c Spencer Christian and Antonia Felix 
260 |b J. Wiley  |c 1998 
300 |a tr.  |c cm. 
OWN |a LSP 
999 |a From the UDN01 
TYP |a Monograph 
TYP |a Printed language 
980 |a Mạng thư viện Đại học Đà Nẵng